[Event "BEL-chT 2122"]
[Site "Belgium"]
[Date "2022.05.01"]
[Round "5.7"]
[White "Vanstreels, Luc"]
[Black "Klinova, Masha"]
[Result "1/2-1/2"]
[WhiteElo "2091"]
[BlackElo "2263"]
[PlyCount "123"]
[EventDate "2021.10.24"]
[EventType "team-tourn"]
[EventRounds "11"]
[EventCountry "BEL"]
[SourceTitle "EXT 2023"]
[Source "ChessBase"]
[SourceDate "2022.10.05"]
[SourceVersion "1"]
[SourceVersionDate "2022.10.05"]
[SourceQuality "1"]
[WhiteTeam "KSK47 Eynatten"]
[BlackTeam "Wirtzfeld"]
[WhiteTeamCountry "BEL"]
[BlackTeamCountry "BEL"]

1. d4 d6 2. e4 Nf6 3. Bd3 e5 4. c3 Nc6 5. Ne2 Be7 6. h3 d5 7. exd5 Qxd5 8. 0-0 0-0 9. Be3 Rd8 10. Nd2 exd4 11. cxd4 Bf5 12. Bc4 Qd7 13. Qb3 Bg6 14. Bb5 Nd5 15. Nc4 Qe6 16. Rac1 Ncb4 17. Ne5 a6 18. Bc4 b5 19. Bxd5 Nxd5 20. Nc6 Rd7 21. Nxe7+ Qxe7 22. Nf4 Nf6 23. Nxg6 hxg6 24. Rc5 Qe4 25. a4 bxa4 26. Qxa4 Qb7 27. Rfc1 Rad8 28. Qa2 Nd5 29. Bg5 Rb8 30. Ra5 Qxb2 31. Qxb2 Rxb2 32. Rxa6 f6 33. Bh4 Nf4 34. Kh2 Ne2 35. Rc4 Nxd4 36. Ra7 Ne6 37. Bg3 g5 38. Kg1 Rb8 39. h4 gxh4 40. Bxh4 Rc8 41. f4 Kf7 42. f5 Nd4 43. Bf2 Nb5 44. Ra1 Nd6 45. Rd4 Re7 46. g4 Re4 47. Rc1 Rxd4 48. Bxd4 Ke7 49. Kg2 Kd7 50. Kf3 Ra8 51. Bc5 Ra6 52. Rd1 Rc6 53. Bb4 Rc4 54. Bxd6 cxd6 55. Ra1 Rc7 56. Ke4 Rb7 57. Kd5 g6 58. Ra5 g5 59. Ra4 Rb5+ 60. Kc4 Re5 61. Ra7+ Kc6 62. Ra6+ 1/2-1/2

[Event "BEL-chT 2122"]
[Site "Belgium"]
[Date "2022.04.24"]
[Round "11.6"]
[White "Vanstreels, Luc"]
[Black "Klein, Felix"]
[Result "1/2-1/2"]
[WhiteElo "2091"]
[BlackElo "2309"]
[PlyCount "73"]
[EventDate "2021.10.24"]
[EventType "team-tourn"]
[EventRounds "11"]
[EventCountry "BEL"]
[SourceTitle "EXT 2023"]
[Source "ChessBase"]
[SourceDate "2022.10.05"]
[SourceVersion "1"]
[SourceVersionDate "2022.10.05"]
[SourceQuality "1"]
[WhiteTeam "KSK47 Eynatten"]
[BlackTeam "KSK Rochade"]
[WhiteTeamCountry "BEL"]
[BlackTeamCountry "BEL"]

1. d4 d5 2. Bf4 e6 3. e3 Nf6 4. c3 c5 5. Nd2 Bd6 6. Bxd6 Qxd6 7. f4 0-0 8. Bd3 cxd4 9. cxd4 b6 10. Qe2 a5 11. Ngf3 Ba6 12. 0-0 Bxd3 13. Qxd3 Nc6 14. Rac1 Rfc8 15. Ne5 Ne7 16. a3 Rc7 17. g4 Rac8 18. Qb1 Qd8 19. h3 Ne8 20. Nd3 Nd6 21. Rxc7 Rxc7 22. Rc1 h5 23. Rxc7 Qxc7 24. Qc1 Qd8 25. Ne5 hxg4 26. hxg4 Kf8 27. Qc2 f6 28. Nef3 Qc8 29. Qxc8+ Nexc8 30. Kf2 Ke7 31. Ke2 b5 32. Kd3 Nb6 33. b3 Kd7 34. Ne1 Nf7 35. e4 Nh6 36. g5 fxg5 37. fxg5 1/2-1/2

[Event "BEL-chT 2122"]
[Site "Belgium"]
[Date "2022.03.20"]
[Round "4.5"]
[White "Sarrau, Jelle"]
[Black "Vanstreels, Luc"]
[Result "1-0"]
[WhiteElo "2404"]
[BlackElo "2091"]
[PlyCount "85"]
[EventDate "2021.10.24"]
[EventType "team-tourn"]
[EventRounds "11"]
[EventCountry "BEL"]
[SourceTitle "EXT 2023"]
[Source "ChessBase"]
[SourceDate "2022.10.05"]
[SourceVersion "1"]
[SourceVersionDate "2022.10.05"]
[SourceQuality "1"]
[WhiteTeam "Liege Crelel"]
[BlackTeam "KSK47 Eynatten"]
[WhiteTeamCountry "BEL"]
[BlackTeamCountry "BEL"]

1. c4 e6 2. g3 d5 3. Nf3 Nf6 4. Bg2 c5 5. cxd5 Nxd5 6. 0-0 Nc6 7. d4 cxd4 8. Nxd4 Bc5 9. Nxc6 bxc6 10. Qc2 Qb6 11. Nd2 Ba6 12. Nc4 Bxc4 13. Qxc4 Qb5 14. Qc2 0-0 15. b3 Nb4 16. Qe4 Rad8 17. a4 Qb6 18. Bb2 a5 19. Rac1 Bd4 20. Ba3 c5 21. Rc4 f5 22. Qb1 Bf6 23. Qc1 Be7 24. Qe3 Qd6 25. Rfc1 Qb6 26. h4 Rd4 27. Bb2 Nd5 28. Bxd5 Rxd5 29. h5 f4 30. gxf4 Rxh5 31. Qf3 Rff5 32. e4 Qb7 33. R1c3 Bf6 34. exf5 Qxf3 35. Rxf3 Bxb2 36. Rxc5 Rxf5 37. Rxf5 exf5 38. Rd3 g6 39. b4 axb4 40. a5 Bc3 41. a6 b3 42. Rxc3 b2 43. Rc8+ 1-0

[Event "BEL-chT 2122"]
[Site "Belgium"]
[Date "2022.02.13"]
[Round "7.8"]
[White "Van Volsem, Merlijn"]
[Black "Vanstreels, Luc"]
[Result "1/2-1/2"]
[WhiteElo "2006"]
[BlackElo "2091"]
[PlyCount "62"]
[EventDate "2021.10.24"]
[EventType "team-tourn"]
[EventRounds "11"]
[EventCountry "BEL"]
[SourceTitle "EXT 2023"]
[Source "ChessBase"]
[SourceDate "2022.10.05"]
[SourceVersion "1"]
[SourceVersionDate "2022.10.05"]
[SourceQuality "1"]
[WhiteTeam "KGSRL"]
[BlackTeam "KSK47 Eynatten"]
[WhiteTeamCountry "BEL"]
[BlackTeamCountry "BEL"]

1. c4 e6 2. Nf3 d5 3. d4 Nf6 4. g3 dxc4 5. Bg2 Be7 6. 0-0 0-0 7. Ne5 c5 8. dxc5 Bxc5 9. Nxc4 Nc6 10. Nc3 h6 11. a3 Qe7 12. b4 Rd8 13. Qc2 Bd4 14. e3 Nd5 15. Bb2 Bxc3 16. Bxc3 b5 17. Ne5 Nxe5 18. Bxe5 Bb7 19. Qe2 Nb6 20. e4 Nc4 21. Bc3 Rac8 22. Rfc1 Rc7 23. Be1 Rcd7 24. a4 a6 25. axb5 axb5 26. Rd1 e5 27. f3 Qg5 28. Rxd7 Rxd7 29. Rd1 Qd8 30. Rxd7 Qxd7 31. Bf2 Qd2 1/2-1/2

[Event "BEL-chT 2122"]
[Site "Belgium"]
[Date "2021.11.21"]
[Round "2.7"]
[White "Roger, Mehdi"]
[Black "Vanstreels, Luc"]
[Result "1/2-1/2"]
[WhiteElo "2118"]
[BlackElo "2091"]
[PlyCount "34"]
[EventDate "2021.10.24"]
[EventType "team-tourn"]
[EventRounds "11"]
[EventCountry "BEL"]
[SourceTitle "EXT 2023"]
[Source "ChessBase"]
[SourceDate "2022.10.05"]
[SourceVersion "1"]
[SourceVersionDate "2022.10.05"]
[SourceQuality "1"]
[WhiteTeam "Oostende"]
[BlackTeam "KSK47 Eynatten"]
[WhiteTeamCountry "BEL"]
[BlackTeamCountry "BEL"]

1. e4 c6 2. d4 d5 3. Nc3 dxe4 4. Nxe4 Nd7 5. Bc4 Ngf6 6. Ng5 e6 7. Qe2 Nb6 8. Bd3 h6 9. N5f3 c5 10. dxc5 Bxc5 11. Ne5 Nbd7 12. Ngf3 Qc7 13. 0-0 Bd6 14. Re1 0-0 15. c3 b6 16. Bf4 Bb7 17. Nxd7 Nxd7 1/2-1/2

[Event "BEL-chT 1920"]
[Site "Belgium"]
[Date "2020.03.08"]
[Round "9.8"]
[White "Vanheirzeele, Daniel"]
[Black "Vanstreels, Luc"]
[Result "1/2-1/2"]
[WhiteElo "2105"]
[BlackElo "2117"]
[PlyCount "23"]
[EventDate "2019.09.29"]
[EventType "team-tourn"]
[EventRounds "11"]
[EventCountry "BEL"]
[SourceTitle "CBM 195 Extra"]
[Source "ChessBase"]
[SourceDate "2020.05.31"]
[SourceVersion "1"]
[SourceVersionDate "2020.05.31"]
[SourceQuality "1"]
[WhiteTeam "KGSRL"]
[BlackTeam "KSK47 Eynatten"]
[WhiteTeamCountry "BEL"]
[BlackTeamCountry "BEL"]

1. Nf3 Nf6 2. g3 e6 3. Bg2 c5 4. 0-0 Nc6 5. c4 d5 6. cxd5 Nxd5 7. d4 Be7 8. dxc5 Bxc5 9. Qc2 Qe7 10. a3 Bd7 11. e4 Nc7 12. Nc3 1/2-1/2

[Event "BEL-chT 1920"]
[Site "Belgium"]
[Date "2020.01.19"]
[Round "6.7"]
[White "Decoster, Frederic"]
[Black "Vanstreels, Luc"]
[Result "1-0"]
[WhiteElo "2294"]
[BlackElo "2117"]
[PlyCount "63"]
[EventDate "2019.09.29"]
[EventType "team-tourn"]
[EventRounds "11"]
[EventCountry "BEL"]
[SourceTitle "CBM 195 Extra"]
[Source "ChessBase"]
[SourceDate "2020.05.31"]
[SourceVersion "1"]
[SourceVersionDate "2020.05.31"]
[SourceQuality "1"]
[WhiteTeam "KBSK Brugge"]
[BlackTeam "KSK47 Eynatten"]
[WhiteTeamCountry "BEL"]
[BlackTeamCountry "BEL"]

1. e4 c6 2. d4 d5 3. e5 c5 4. dxc5 e6 5. a3 Bxc5 6. b4 Bb6 7. Nf3 Ne7 8. Bd3 a5 9. b5 a4 10. 0-0 Nd7 11. c4 Nc5 12. Nc3 Bd7 13. Bg5 dxc4 14. Bxc4 h6 15. Bh4 g5 16. Bg3 Nf5 17. Qd2 Rc8 18. Rac1 Ba5 19. Qe2 h5 20. h4 g4 21. Ng5 Nd4 22. Qe3 Ncb3 23. Nce4 Nf5 24. Qf4 Nxc1 25. Rxc1 Rxc4 26. Rxc4 Bxb5 27. Nd6+ Nxd6 28. exd6 0-0 29. Qe4 f5 30. Qxe6+ Kg7 31. Be5+ Rf6 32. Qf7+ 1-0

[Event "BEL-chT 1819"]
[Site "Belgium"]
[Date "2019.02.10"]
[Round "7.8"]
[White "Vanstreels, Luc"]
[Black "Deberdt, Joris"]
[Result "1/2-1/2"]
[WhiteElo "2123"]
[BlackElo "2062"]
[PlyCount "91"]
[EventDate "2018.09.30"]
[EventType "team-tourn"]
[EventRounds "11"]
[EventCountry "BEL"]
[SourceTitle "CBM 189 Extra"]
[Source "ChessBase"]
[SourceDate "2019.06.03"]
[SourceVersion "1"]
[SourceVersionDate "2019.06.03"]
[SourceQuality "1"]
[WhiteTeam "KSK47 Eynatten"]
[BlackTeam "Jean Jaures"]
[WhiteTeamCountry "BEL"]
[BlackTeamCountry "BEL"]

1. d4 Nf6 2. Nf3 e6 3. e3 c5 4. Bd3 d5 5. b3 Be7 6. 0-0 0-0 7. Bb2 b6 8. Ne5 Bb7 9. Nd2 Nbd7 10. Qf3 Qc7 11. Nxd7 Nxd7 12. Qh3 f5 13. c4 g6 14. Rac1 Bf6 15. cxd5 exd5 16. Rfd1 Rac8 17. Ba3 Rfd8 18. Nf3 Qc6 19. Qg3 Qe6 20. h4 a6 21. Ng5 Qe7 22. Nf3 Kh8 23. Qh3 h5 24. Qg3 Kh7 25. Ng5+ Kh6 26. Nf3 Kh7 27. Rc2 Nf8 28. Rdc1 Ne6 29. Qh3 Kh6 30. g3 Rc7 31. Qf1 a5 32. Ba6 Rdc8 33. Bxb7 Rxb7 34. Qd1 Rd7 35. Qd2 Kg7 36. Qd3 Qd8 37. Qb5 Rb8 38. Bb2 cxd4 39. Nxd4 Nxd4 40. Bxd4 Bxd4 41. exd4 f4 42. Kg2 Rbb7 43. Rc6 fxg3 44. Qd3 Rd6 45. fxg3 Rf7 46. Qe3 1/2-1/2

[Event "EU-Cup 34th"]
[Site "Porto Carras"]
[Date "2018.10.17"]
[Round "6.6"]
[White "Juegel, Marcel"]
[Black "Vanstreels, Luc"]
[Result "1/2-1/2"]
[WhiteElo "2187"]
[BlackElo "2123"]
[PlyCount "155"]
[EventDate "2018.10.12"]
[EventType "team-swiss"]
[EventRounds "7"]
[EventCountry "GRE"]
[SourceTitle "CBM 187"]
[Source "ChessBase"]
[SourceDate "2018.12.11"]
[SourceVersion "1"]
[SourceVersionDate "2018.12.11"]
[SourceQuality "1"]
[WhiteTeam "Aachen Aufwaerts"]
[BlackTeam "Eynatten"]
[WhiteTeamCountry "GER"]
[BlackTeamCountry "BEL"]

1. d4 Nf6 2. Nc3 d5 3. Bf4 c5 4. e3 cxd4 5. exd4 a6 6. Be2 Nc6 7. a3 Bf5 8. Nf3 e6 9. 0-0 Bd6 10. Bxd6 Qxd6 11. Qc1 Rc8 12. Nd1 Be4 13. Qd2 Bg6 14. Nh4 Ne4 15. Qe3 Na5 16. f3 Nf6 17. Rc1 0-0 18. Nxg6 hxg6 19. Nf2 Qb6 20. Nd1 Nc6 21. c3 Rfe8 22. f4 Ne7 23. Bf3 Nf5 24. Qd2 Nd6 25. Re1 Nfe4 26. Bxe4 Nxe4 27. Qe3 Qb3 28. Re2 b5 29. Nf2 Nxf2 30. Kxf2 a5 31. Rec2 Rc4 32. Ke1 b4 33. axb4 axb4 34. Qd2 Rec8 35. Qd3 Ra8 36. Ke2 Ra2 37. cxb4 Qxb4 38. b3 Rcxc2+ 39. Rxc2 Rxc2+ 40. Qxc2 Qxd4 41. g3 g5 42. Qc8+ Kh7 43. Qc2+ f5 44. Kf3 Qg1 45. fxg5 Qf1+ 46. Ke3 e5 47. Qe2 f4+ 48. gxf4 Qxf4+ 49. Kd3 Qxg5 50. Kc3 d4+ 51. Kc4 Qf5 52. b4 Qe6+ 53. Kc5 Qe7+ 54. Kc4 Qf7+ 55. Kc5 Qc7+ 56. Kb5 Qb7+ 57. Kc5 Qe7+ 58. Kc4 Qe6+ 59. Kc5 Qc8+ 60. Kb5 Qd7+ 61. Kc4 Qc6+ 62. Kb3 e4 63. Qh5+ Kg8 64. b5 Qe6+ 65. Kb4 d3 66. Kc3 Qf6+ 67. Kd2 Qf4+ 68. Kc3 Qf6+ 69. Kd2 Qf2+ 70. Kc3 Qc2+ 71. Kd4 Qa4+ 72. Ke3 Qa7+ 73. Kxe4 Qd7 74. Qd1 d2 75. Ke3 Qxb5 76. Qxd2 Qg5+ 77. Kd3 Qxd2+ 78. Kxd2 1/2-1/2

[Event "BEL-chT 1718"]
[Site "Belgium"]
[Date "2018.04.22"]
[Round "10.8"]
[White "Vanstreels, Luc"]
[Black "Tjiam, Dharma"]
[Result "1/2-1/2"]
[WhiteElo "2144"]
[BlackElo "2382"]
[PlyCount "72"]
[EventDate "2017.09.24"]
[EventType "team-tourn"]
[EventRounds "11"]
[EventCountry "BEL"]
[SourceTitle "EXT 2019"]
[Source "ChessBase"]
[SourceDate "2018.10.10"]
[SourceVersion "1"]
[SourceVersionDate "2018.10.10"]
[SourceQuality "1"]
[WhiteTeam "Eynatten"]
[BlackTeam "KGSRL"]
[WhiteTeamCountry "BEL"]
[BlackTeamCountry "BEL"]

1. d4 Nf6 2. Bf4 g6 3. Nc3 Bg7 4. e4 d6 5. Qd2 0-0 6. Bh6 c6 7. h4 e5 8. Bxg7 Kxg7 9. dxe5 dxe5 10. 0-0-0 Qxd2+ 11. Rxd2 Nbd7 12. Nf3 Nc5 13. Bd3 Re8 14. Re1 Bg4 15. Nh2 Rad8 16. Nxg4 Nxg4 17. f3 Nf6 18. Red1 Kf8 19. Bf1 Rxd2 20. Rxd2 Ke7 21. Nd1 Nfd7 22. Ne3 Ne6 23. Nc4 b5 24. Na5 Rc8 25. c3 Rc7 26. g3 Nf6 27. Bh3 Nh5 28. Bxe6 Kxe6 29. g4 Nf4 30. Rd8 h5 31. Re8+ Kd6 32. Rd8+ Ke7 33. Ra8 Kf6 34. Rd8 Ke7 35. Ra8 Kf6 36. Rd8 Ke7 1/2-1/2

[Event "BEL-chT 1718"]
[Site "Belgium"]
[Date "2018.02.04"]
[Round "6.8"]
[White "Vanstreels, Luc"]
[Black "Van der Fraenen, Joep"]
[Result "1/2-1/2"]
[WhiteElo "2144"]
[BlackElo "1997"]
[PlyCount "115"]
[EventDate "2017.09.24"]
[EventType "team-tourn"]
[EventRounds "11"]
[EventCountry "BEL"]
[SourceTitle "EXT 2019"]
[Source "ChessBase"]
[SourceDate "2018.10.10"]
[SourceVersion "1"]
[SourceVersionDate "2018.10.10"]
[SourceQuality "1"]
[WhiteTeam "Eynatten"]
[BlackTeam "TSM Schifflange"]
[WhiteTeamCountry "BEL"]
[BlackTeamCountry "BEL"]

1. d4 e6 2. Nf3 f5 3. c4 Nf6 4. Nc3 Be7 5. g3 0-0 6. Bg2 d6 7. 0-0 Qe8 8. Qd3 Qg6 9. d5 e5 10. Nh4 Qg4 11. h3 Qh5 12. Bf3 e4 13. Bxh5 exd3 14. Bf3 dxe2 15. Re1 Nfd7 16. Ng2 Bf6 17. Bd2 Na6 18. Bxe2 Nac5 19. Nb5 Na6 20. Bc3 Bxc3 21. Nxc3 Ne5 22. f4 Nd7 23. Bf3 Kf7 24. Ne3 Nf6 25. g4 fxg4 26. hxg4 g6 27. g5 Nh5 28. Bxh5 gxh5 29. Ne4 h6 30. f5 hxg5 31. Nxg5+ Kg7 32. Rf1 Bxf5 33. Nxf5+ Kg6 34. Nxd6 Rxf1+ 35. Rxf1 Kxg5 36. Ne4+ Kg4 37. Kg2 Nb4 38. Rf7 Rc8 39. Nf2+ Kg5 40. Ne4+ Kg4 41. Rg7+ Kf4 42. Nc5 Nxa2 43. Ne6+ Ke5 44. Nxc7 a6 45. c5 Nb4 46. d6 Nc6 47. Rg5+ Kd4 48. Ne6+ Kc4 49. Rxh5 Kb3 50. Kf3 Kxb2 51. Ke4 a5 52. d7 Ra8 53. Rd5 a4 54. d8Q Nxd8 55. Nxd8 a3 56. Nxb7 a2 57. Rd2+ Kb3 58. Rxa2 1/2-1/2

[Event "Mittelrhein Regionalliga 1718"]
[Site "Nordrheinwestfalen"]
[Date "2017.11.12"]
[Round "3.8"]
[White "Vanstreels, Luc"]
[Black "Jablonowski, Christoph"]
[Result "0-1"]
[WhiteElo "2146"]
[BlackElo "1902"]
[PlyCount "52"]
[EventDate "2017.09.10"]
[EventType "team-tourn"]
[EventRounds "9"]
[EventCountry "GER"]
[SourceTitle "EXT 2022"]
[Source "ChessBase"]
[SourceDate "2021.10.06"]
[SourceVersion "1"]
[SourceVersionDate "2021.10.06"]
[SourceQuality "1"]
[WhiteTeam "Aachen DJK Aufwärts III"]
[BlackTeam "Aachen SV II"]
[WhiteTeamCountry "GER"]
[BlackTeamCountry "GER"]

1. d4 Nf6 2. Bf4 g6 3. Nc3 d6 4. Qd2 Bg7 5. Bh6 0-0 6. h4 c5 7. d5 b5 8. Bxg7 Kxg7 9. Nxb5 Ne4 10. Qe3 Qa5+ 11. Nc3 Nxc3 12. bxc3 h5 13. Qd2 Nd7 14. e4 Nf6 15. f3 Rb8 16. Bc4 Ba6 17. Bxa6 Qxa6 18. Ne2 Rb2 19. 0-0 Qa4 20. Rac1 Rfb8 21. Ng3 Rxa2 22. Qg5 Kh7 23. f4 Rxc2 24. e5 Rbb2 25. Rxc2 Qxc2 26. Nf5 Ng4 0-1

[Event "BEL-chT 1617"]
[Site "Belgium"]
[Date "2016.12.04"]
[Round "5.8"]
[White "Vanstreels, Luc"]
[Black "Tonoli, Walter"]
[Result "1-0"]
[WhiteElo "2105"]
[BlackElo "2162"]
[PlyCount "57"]
[EventDate "2016.10.02"]
[EventType "team-tourn"]
[EventRounds "11"]
[EventCountry "BEL"]
[SourceTitle "EXT 2018"]
[Source "ChessBase"]
[SourceDate "2017.10.13"]
[SourceVersion "1"]
[SourceVersionDate "2017.10.13"]
[SourceQuality "1"]
[WhiteTeam "Eynatten"]
[BlackTeam "The Belgian CC"]
[WhiteTeamCountry "BEL"]
[BlackTeamCountry "BEL"]

1. d4 g6 2. e4 Bg7 3. Nf3 c5 4. c3 cxd4 5. cxd4 d5 6. e5 Bg4 7. Nbd2 Nc6 8. Bb5 Nh6 9. Bxc6+ bxc6 10. 0-0 0-0 11. h3 Bxf3 12. Nxf3 f6 13. Re1 Nf7 14. Bf4 Qb6 15. Qd2 Rfd8 16. Rac1 Rac8 17. Rc5 Re8 18. h4 f5 19. h5 e6 20. hxg6 hxg6 21. Nh4 Bf8 22. Rc3 Bb4 23. Nxg6 Kg7 24. Qd3 Bxc3 25. bxc3 Nh8 26. Nh4 Rg8 27. Qf3 Qd8 28. Qh5 Qe8 29. Qh6+ 1-0

[Event "EU-Cup 32nd"]
[Site "Novi Sad"]
[Date "2016.11.12"]
[Round "7.6"]
[White "Vanheirzeele, Daniel"]
[Black "Vanstreels, Luc"]
[Result "1-0"]
[WhiteElo "2120"]
[BlackElo "2108"]
[PlyCount "95"]
[EventDate "2016.11.06"]
[EventType "team-swiss"]
[EventRounds "7"]
[EventCountry "SRB"]
[SourceTitle "CBM 176"]
[Source "ChessBase"]
[SourceDate "2017.01.17"]
[SourceVersion "1"]
[SourceVersionDate "2017.01.17"]
[SourceQuality "1"]
[WhiteTeam "Gent"]
[BlackTeam "Eynatten"]
[WhiteTeamCountry "BEL"]
[BlackTeamCountry "BEL"]

1. d4 Nf6 2. c4 e6 3. Nf3 d5 4. g3 dxc4 5. Bg2 Bb4+ 6. Bd2 c5 7. 0-0 0-0 8. Qc1 Bxd2 9. Nbxd2 cxd4 10. Nxc4 Nc6 11. Rd1 Re8 12. b4 a6 13. a4 e5 14. b5 Na5 15. Nfd2 Nxc4 16. Nxc4 axb5 17. axb5 Rxa1 18. Qxa1 Nd5 19. Rd2 Nb6 20. Na5 Qc7 21. Rd1 Nc4 22. Nxc4 Qxc4 23. Qb2 Bg4 24. Rd2 Qc3 25. Bxb7 Qxb2 26. Rxb2 e4 27. Bc6 Rb8 28. Bxe4 Kf8 29. b6 Ke7 30. b7 Kd6 31. Rb6+ Kc7 32. Rc6+ Kd7 33. Rc2 Kd6 34. Rd2 Kc5 35. Ra2 Kd6 36. f3 Bd7 37. Rd2 Kc5 38. Rc2+ Kd6 39. Rc4 Ke5 40. Rc5+ Ke6 41. Ra5 Kd6 42. Rd5+ Kc7 43. Rxd4 f5 44. Bd5 Bb5 45. e4 fxe4 46. Bxe4 Re8 47. Rb4 Kb6 48. Bd3 1-0

[Event "EU-Cup 32nd"]
[Site "Novi Sad"]
[Date "2016.11.06"]
[Round "1.6"]
[White "Vanstreels, Luc"]
[Black "Byrne, Ray"]
[Result "1-0"]
[WhiteElo "2108"]
[BlackElo "1962"]
[PlyCount "87"]
[EventDate "2016.11.06"]
[EventType "team-swiss"]
[EventRounds "7"]
[EventCountry "SRB"]
[SourceTitle "CBM 176"]
[Source "ChessBase"]
[SourceDate "2017.01.17"]
[SourceVersion "1"]
[SourceVersionDate "2017.01.17"]
[SourceQuality "1"]
[WhiteTeam "Eynatten"]
[BlackTeam "Gonzaga"]
[WhiteTeamCountry "BEL"]
[BlackTeamCountry "IRL"]

1. d4 Nf6 2. Nf3 d5 3. Bf4 Bg4 4. Ne5 Bh5 5. c4 e6 6. Qb3 Qc8 7. Nc3 c6 8. Rc1 Be7 9. e3 0-0 10. Bd3 Nbd7 11. cxd5 Nxd5 12. Nxd5 exd5 13. Bf5 Rd8 14. 0-0 Bg6 15. Bxd7 Rxd7 16. Nxd7 Qxd7 17. a3 Bf5 18. Rfe1 Re8 19. Qa4 a6 20. b4 g5 21. Be5 f6 22. Bg3 h5 23. f3 Bd6 24. Bxd6 Qxd6 25. Qa5 h4 26. e4 Bd7 27. exd5 Qf4 28. Qc5 Qd2 29. Rxe8+ Bxe8 30. Qc3 Qxc3 31. Rxc3 Kf7 32. dxc6 Bxc6 33. Kf2 Ke6 34. Ke3 Kd6 35. g3 hxg3 36. hxg3 Ke6 37. f4 g4 38. Rc5 Kd6 39. f5 b6 40. Rxc6+ Kxc6 41. Ke4 Kd6 42. d5 Kd7 43. Kf4 Kd6 44. Kxg4 1-0

[Event "BEL-chT 1415"]
[Site "Belgium"]
[Date "2015.03.01"]
[Round "9.8"]
[White "Romanelli, Robert"]
[Black "Vanstreels, Luc"]
[Result "1/2-1/2"]
[WhiteElo "1934"]
[BlackElo "2057"]
[PlyCount "46"]
[EventDate "2014.09.28"]
[EventType "team-swiss"]
[EventRounds "11"]
[EventCountry "BEL"]
[SourceTitle "EXT 2016"]
[Source "ChessBase"]
[SourceDate "2015.10.08"]
[SourceVersion "1"]
[SourceVersionDate "2015.10.08"]
[SourceQuality "1"]
[WhiteTeam "Charleroi CREC"]
[BlackTeam "Eynatten"]
[WhiteTeamCountry "BEL"]
[BlackTeamCountry "BEL"]

1. e4 c6 2. d4 d5 3. exd5 cxd5 4. c4 Nf6 5. Nc3 e6 6. Nf3 Bb4 7. cxd5 Nxd5 8. Qc2 Nc6 9. Bd3 Ba5 10. a3 Nxc3 11. bxc3 Nxd4 12. Nxd4 Qxd4 13. 0-0 Qxc3 14. Bb5+ Ke7 15. Qe4 a6 16. Ba4 f5 17. Bg5+ Kf7 18. Qe2 Qd4 19. Bb3 Qe4 20. Qd1 h6 21. Be3 Rd8 22. Qh5+ Kg8 23. Rad1 Bd7 1/2-1/2

[Event "EU-Cup 30th"]
[Site "Bilbao"]
[Date "2014.09.20"]
[Round "7.6"]
[White "Vanstreels, Luc"]
[Black "Steponavicius, Stasys"]
[Result "1-0"]
[WhiteElo "2057"]
[BlackElo "2186"]
[PlyCount "83"]
[EventDate "2014.09.14"]
[EventType "team-swiss"]
[EventRounds "7"]
[EventCountry "ESP"]
[SourceTitle "CBM 163"]
[Source "ChessBase"]
[SourceDate "2014.11.11"]
[SourceVersion "1"]
[SourceVersionDate "2014.11.11"]
[SourceQuality "1"]
[WhiteTeam "Eynatten"]
[BlackTeam "Kaunas Margiris"]
[WhiteTeamCountry "BEL"]
[BlackTeamCountry "LTU"]

1. d4 Nf6 2. Nf3 e6 3. e3 b6 4. Bd3 Bb7 5. Nbd2 d5 6. 0-0 Bd6 7. b3 0-0 8. Bb2 c5 9. Ne5 Qc7 10. f4 Ne4 11. Bxe4 dxe4 12. Qg4 f5 13. Qg3 Rd8 14. Ndc4 Bf8 15. dxc5 Bxc5 16. Rfd1 Na6 17. a3 Bf8 18. b4 Rd5 19. Bd4 Nb8 20. Rac1 Nc6 21. Nxc6 Bxc6 22. Ne5 Ba4 23. Rd2 Rc8 24. c4 Rdd8 25. Rb2 Be8 26. h4 Rb8 27. Rbc2 Rdc8 28. c5 bxc5 29. bxc5 Ba4 30. Rc3 Rb3 31. h5 Rxc3 32. Rxc3 Be8 33. c6 Rb8 34. Nd7 Rc8 35. h6 Bxd7 36. Bxg7 Kf7 37. Bxf8 Rxf8 38. Qg7+ Ke8 39. cxd7+ Qxd7 40. Kh2 Qf7 41. Kg1 Qd7 42. Rc7 1-0

[Event "BEL-chT 1213"]
[Site "Belgium"]
[Date "2013.03.24"]
[Round "11.6"]
[White "Vanstreels, Luc"]
[Black "Goormachtigh, Johan"]
[Result "1/2-1/2"]
[WhiteElo "2034"]
[BlackElo "2177"]
[PlyCount "31"]
[EventDate "2012.09.23"]
[EventType "team-tourn"]
[EventRounds "11"]
[EventCountry "BEL"]
[SourceTitle "EXT 2014"]
[Source "ChessBase"]
[SourceDate "2013.11.20"]
[SourceVersion "1"]
[SourceVersionDate "2013.11.20"]
[SourceQuality "1"]
[WhiteTeam "Eynatten II"]
[BlackTeam "KGSRL"]
[WhiteTeamCountry "BEL"]
[BlackTeamCountry "BEL"]

1. d4 Nf6 2. Bg5 d5 3. Bxf6 exf6 4. e3 Bd6 5. c4 dxc4 6. Bxc4 0-0 7. Ne2 a6 8. Nbc3 f5 9. Bd5 Nd7 10. Rc1 Nf6 11. Bf3 Re8 12. g3 c6 13. 0-0 Be6 14. d5 Nxd5 15. Nxd5 Bxd5 16. Bxd5 1/2-1/2

[Event "BEL-chT 1213"]
[Site "Belgium"]
[Date "2013.03.03"]
[Round "10.3"]
[White "Vanstreels, Luc"]
[Black "Roos, Adrian"]
[Result "1/2-1/2"]
[WhiteElo "2034"]
[BlackElo "2199"]
[PlyCount "92"]
[EventDate "2012.09.23"]
[EventType "team-tourn"]
[EventRounds "11"]
[EventCountry "BEL"]
[SourceTitle "EXT 2014"]
[Source "ChessBase"]
[SourceDate "2013.11.20"]
[SourceVersion "1"]
[SourceVersionDate "2013.11.20"]
[SourceQuality "1"]
[WhiteTeam "Eynatten II"]
[BlackTeam "Zottegem"]
[WhiteTeamCountry "BEL"]
[BlackTeamCountry "BEL"]

1. d4 Nf6 2. Bg5 Ne4 3. Bf4 c5 4. f3 Qa5+ 5. c3 Nf6 6. Nd2 cxd4 7. Nb3 Qf5 8. Bxb8 Rxb8 9. Qxd4 b6 10. e4 Qf4 11. Nh3 Qc7 12. e5 Ng8 13. Bd3 e6 14. Ng5 Ne7 15. f4 h6 16. Ne4 Nf5 17. Qf2 d5 18. Ng3 g6 19. Nxf5 gxf5 20. Nd4 Bd7 21. 0-0 h5 22. Rac1 b5 23. Qe2 Qb6 24. Rf3 Bc5 25. Kf1 Bxd4 26. cxd4 Qxd4 27. Qf2 Qxf2+ 28. Kxf2 Rb7 29. Rh3 Ke7 30. Be2 h4 31. Ke3 Rbb8 32. Kd4 a5 33. Rc5 a4 34. b4 axb3 35. axb3 b4 36. Rc7 Rhg8 37. Bf3 Rgc8 38. Rc5 Ra8 39. Rxh4 Ra3 40. Rxc8 Bxc8 41. Bd1 Ra1 42. Be2 Ra2 43. Bb5 Rxg2 44. Kc5 Bd7 45. Kxb4 Bxb5 46. Kxb5 Rc2 1/2-1/2